| 000 | 00548nam a22001697a 4500 | ||
|---|---|---|---|
| 999 |
_c8720 _d8720 |
||
| 008 | 201211b ||||| |||| 00| 0 eng d | ||
| 040 | _aBMS College of Architecture | ||
| 100 | _aAnkitha, M N | ||
| 245 | _aMayuri dhama an institute for classical and folk dance of Karnataka | ||
| 300 | _a53p. | ||
| 500 | _a1BM11AT029 | ||
| 502 |
_8B,Arch _NBMS College of Architecture, Visvesvaraya Technological University (VTU) _aProject report _d2015 |
||
| 650 | _aDance | ||
| 700 |
_aYogeshwari K _eGuide |
||
| 700 |
_aSoumya Koka _eGuide |
||
| 942 |
_2ddc _cTHE |
||